000 00256nam a2200097Ia 4500
005 20251222114406.0
008 251222s1900||||xx |||||||||||||| ||spa||
082 _aDVD0070/G81
245 0 _aNascimento de uma Nacao:The Birth of a Nation - USA 1924
942 _cDVD
999 _c1837
_d1837